000 00242nam a2200109Ia 4500
008 190913s9999||||xx |||||||||||||| ||und||
100 _aBolton,Fintan
245 0 _aPure Corba
260 _aUSA
_b McGraw Hill
_c1999
300 _a317
942 _cBK
999 _c8177
_d8177